00235 a2200109 4500001000700000020000600007040001100013100002100024240003800045245003300083362000900116180284 a  cMagnum aSchall, Virginia10aCiranda do meio ambiente/v.2lpor10aCiranda do meio ambiente/v.20 a1899